[Event "Titled Tuesday intern op 23rd Apr Late"]
[Site "Chess.com INT"]
[Date "2024.04.23"]
[Round "3"]
[White "Swiatlowski, Lukasz"]
[Black "Boor, Carl Brandon"]
[Result "0-1"]
[WhiteElo "2199"]
[BlackElo "2231"]
[PlyCount "48"]
[EventDate "2024.04.23"]
[EventType "swiss (blitz)"]
[EventRounds "11"]
[EventCountry "USA"]
[SourceTitle "CB18_2024"]
[SourceDate "2024.05.01"]
[SourceVersion "1"]
[SourceVersionDate "2024.05.01"]
[SourceQuality "2"]

1. Nf3 c5 2. g3 g6 3. Bg2 Bg7 4. d3 Nc6 5. 0-0 d6 6. e4 e5 7. Nc3 Nge7 8. Bg5 h6 9. Be3 0-0 10. Qd2 Kh7 11. h3 Be6 12. Nh2 Qd7 13. h4 b6 14. a3 d5 15. exd5 Nxd5 16. Nxd5 Bxd5 17. Bxd5 Qxd5 18. Ng4 f5 19. Nh2 Rad8 20. f4 e4 21. Rad1 exd3 22. cxd3 Rfe8 23. Bf2 Nd4 24. b4 Ne2+ 0-1

[Event "Titled Tuesday intern op 23rd Apr Late"]
[Site "Chess.com INT"]
[Date "2024.04.23"]
[Round "10"]
[White "Swiatlowski, Lukasz"]
[Black "Vifleemskaia, Svetlana"]
[Result "0-1"]
[WhiteElo "2199"]
[BlackElo "1942"]
[PlyCount "78"]
[EventDate "2024.04.23"]
[EventType "swiss (blitz)"]
[EventRounds "11"]
[EventCountry "USA"]
[SourceTitle "CB18_2024"]
[SourceDate "2024.05.01"]
[SourceVersion "1"]
[SourceVersionDate "2024.05.01"]
[SourceQuality "2"]

1. Nf3 Nf6 2. g3 b5 3. Bg2 Bb7 4. d3 e6 5. 0-0 Be7 6. e4 d6 7. b3 0-0 8. Bb2 a5 9. a4 b4 10. Nbd2 Nbd7 11. h3 Nb6 12. Nh2 e5 13. f4 Nfd7 14. Kh1 Bf6 15. f5 d5 16. Ng4 c5 17. Nxf6+ Qxf6 18. Qe2 Rfe8 19. Rf2 Rac8 20. Raf1 c4 21. dxc4 dxc4 22. Bc1 cxb3 23. cxb3 Rc3 24. Nf3 h6 25. g4 Nc5 26. g5 hxg5 27. Bxg5 Qc6 28. Nd2 Ba6 29. Qh5 f6 30. Bh6 Qc7 31. Rg1 Qf7 32. Qxf7+ Kxf7 33. Bxg7 Kxg7 34. Bf1+ Kf7 35. Bxa6 Nxa6 36. Rfg2 Rxh3+ 37. Rh2 Reh8 38. Rxh3 Rxh3+ 39. Kg2 Rd3 0-1

[Event "Titled Tuesday intern op 16th Apr Late"]
[Site "Chess.com INT"]
[Date "2024.04.16"]
[Round "6"]
[White "Swiatlowski, Lukasz"]
[Black "Papp, Bence"]
[Result "0-1"]
[WhiteElo "2199"]
[BlackElo "2278"]
[PlyCount "43"]
[EventDate "2024.04.16"]
[EventType "swiss (blitz)"]
[EventRounds "11"]
[EventCountry "USA"]
[SourceTitle "CB17_2024"]
[SourceDate "2024.04.24"]
[SourceVersion "1"]
[SourceVersionDate "2024.04.24"]
[SourceQuality "1"]

1. Nf3 Nf6 2. g3 d5 3. Bg2 e6 4. d3 Nc6 5. 0-0 Bc5 6. c3 a5 7. a4 0-0 8. Nbd2 e5 9. Qc2 h6 10. e4 d4 11. Nc4 Re8 12. h3 b6 13. Nfd2 Be6 14. Kh1 Qd7 15. Kh2 Rad8 16. f4 dxc3 17. bxc3 exf4 18. gxf4 Qxd3 19. Qxd3 Rxd3 20. Nb2 Rxc3 21. e5 Bd5 22. Ne4 0-1

[Event "Titled Tuesday intern op 16th Apr Late"]
[Site "Chess.com INT"]
[Date "2024.04.16"]
[Round "4"]
[White "Zhu, Linxi"]
[Black "Swiatlowski, Lukasz"]
[Result "0-1"]
[WhiteElo "1980"]
[BlackElo "2199"]
[PlyCount "84"]
[EventDate "2024.04.16"]
[EventType "swiss (blitz)"]
[EventRounds "11"]
[EventCountry "USA"]
[SourceTitle "CB17_2024"]
[SourceDate "2024.04.24"]
[SourceVersion "1"]
[SourceVersionDate "2024.04.24"]
[SourceQuality "1"]

1. e4 d6 2. d4 Nf6 3. Nc3 c6 4. Be3 Nbd7 5. Bc4 e5 6. Nf3 h6 7. 0-0 b5 8. Bb3 Be7 9. Qd3 b4 10. Ne2 a5 11. a4 0-0 12. Bc4 Qc7 13. dxe5 dxe5 14. Ng3 Nb6 15. Bxb6 Qxb6 16. Rad1 Qc7 17. Nh4 Ne8 18. Nhf5 Bxf5 19. Nxf5 Bf6 20. Qd7 Qb6 21. Qd3 Kh7 22. Qh3 Rd8 23. Rd3 Rxd3 24. c3 Rxh3 25. gxh3 bxc3 26. bxc3 Qc5 27. Ne3 Nd6 28. Be2 Nxe4 29. Rc1 Bg5 30. Bd3 f5 31. Nxf5 Bxc1 32. Bxe4 Rxf5 33. Bxf5+ g6 34. Be4 Qxc3 35. Kg2 Bf4 36. Bf3 c5 37. Be4 c4 38. Bf3 Qd4 39. Be4 Qxe4+ 40. f3 Qe2+ 41. Kg1 Be3+ 42. Kh1 Qf1# 0-1

[Event "Titled Tuesday intern op 02nd Apr Late"]
[Site "Chess.com INT"]
[Date "2024.04.02"]
[Round "2"]
[White "Swiatlowski, Lukasz"]
[Black "Melikhov, Evgeny V"]
[Result "0-1"]
[WhiteElo "2199"]
[BlackElo "2172"]
[PlyCount "94"]
[EventDate "2024.04.02"]
[EventType "swiss (blitz)"]
[EventRounds "11"]
[EventCountry "USA"]
[SourceTitle "CB15_2024"]
[SourceDate "2024.04.10"]
[SourceVersion "1"]
[SourceVersionDate "2024.04.10"]
[SourceQuality "1"]

1. Nf3 f5 2. g3 Nf6 3. Bg2 g6 4. d3 Bg7 5. 0-0 0-0 6. c4 d6 7. Nc3 e5 8. Rb1 h6 9. b4 g5 10. Nd5 Be6 11. b5 Nbd7 12. a4 c6 13. Nxf6+ Nxf6 14. bxc6 bxc6 15. Nd2 Qc7 16. Ba3 Rab8 17. Qc2 c5 18. Rxb8 Rxb8 19. Rb1 Rxb1+ 20. Qxb1 Qb6 21. Qxb6 axb6 22. Nb3 d5 23. cxd5 Bxd5 24. Bxd5+ Nxd5 25. a5 bxa5 26. Nxa5 Bf8 27. Kf1 Kf7 28. Nb7 Nb4 29. Bxb4 cxb4 30. Na5 Ke6 31. Ke1 Kd5 32. Kd2 e4 33. dxe4+ Kxe4 34. Nb3 g4 35. Kc2 h5 36. Kd2 Bh6+ 37. Kc2 Bf8 38. Kd2 Bd6 39. Kc2 f4 40. Nd2+ Kd4 41. gxf4 Bxf4 42. e3+ Bxe3 43. fxe3+ Kxe3 44. Nf1+ Kf2 45. Ng3 h4 46. Nf5 g3 47. hxg3 h3 0-1

[Event "Titled Tuesday intern op 02nd Apr Late"]
[Site "Chess.com INT"]
[Date "2024.04.02"]
[Round "5"]
[White "Swiatlowski, Lukasz"]
[Black "Rose, Felix"]
[Result "1-0"]
[WhiteElo "2199"]
[BlackElo "2091"]
[PlyCount "91"]
[EventDate "2024.04.02"]
[EventType "swiss (blitz)"]
[EventRounds "11"]
[EventCountry "USA"]
[SourceTitle "CB15_2024"]
[SourceDate "2024.04.10"]
[SourceVersion "1"]
[SourceVersionDate "2024.04.10"]
[SourceQuality "1"]

1. Nf3 Nf6 2. g3 c5 3. Bg2 Nc6 4. d3 d5 5. 0-0 e5 6. Bg5 Be6 7. Nfd2 h6 8. Bxf6 Qxf6 9. Nc3 Rd8 10. e4 Ne7 11. exd5 Nxd5 12. Re1 Be7 13. Nxd5 Bxd5 14. Bxd5 Rxd5 15. Ne4 Qe6 16. Qf3 0-0 17. Re2 Rfd8 18. Rae1 Qb6 19. b3 Rd4 20. Nd2 Bf6 21. Nc4 Qa6 22. a4 b5 23. axb5 Qxb5 24. Nxe5 a5 25. Ng4 Bg5 26. h4 Bf6 27. Nxf6+ gxf6 28. Qxf6 R4d6 29. Re8+ Rxe8 30. Rxe8+ Qxe8 31. Qxd6 Qe2 32. Qxc5 a4 33. bxa4 Kh7 34. d4 Qe1+ 35. Kg2 Qe4+ 36. Kh2 Qf3 37. d5 f5 38. d6 f4 39. Qf5+ Kh8 40. Qxf4 Qc3 41. d7 Qc7 42. Qf8+ Kh7 43. Qe7+ Kg6 44. d8Q Qxc2 45. Qg8+ Kh5 46. Qe5+ 1-0

[Event "POL-chT 2nd div North"]
[Site "Lublin"]
[Date "1999.??.??"]
[Round "3"]
[White "Ehrenfeucht, Wojciech"]
[Black "Swiatlowski, Lukasz"]
[Result "1/2-1/2"]
[WhiteElo "2315"]
[BlackElo "2145"]
[PlyCount "60"]
[EventDate "1999.09.11"]
[EventType "team-swiss"]
[EventRounds "8"]
[EventCountry "POL"]
[SourceTitle "EXT 2003"]
[Source "ChessBase"]
[SourceDate "2002.11.25"]
[SourceVersion "1"]
[SourceVersionDate "2002.11.25"]
[SourceQuality "1"]
[WhiteTeam "Milanowek UKS Jedwabnik"]
[BlackTeam "Torun Apator"]
[WhiteTeamCountry "POL"]
[BlackTeamCountry "POL"]

1. e4 c5 2. Nf3 Nc6 3. d4 cxd4 4. Nxd4 Nf6 5. Nc3 e5 6. Ndb5 d6 7. Nd5 Nxd5 8. exd5 Nb8 9. c4 Be7 10. Be2 a6 11. Nc3 0-0 12. 0-0 f5 13. f4 Nd7 14. Qc2 Bf6 15. Kh1 exf4 16. Bxf4 Ne5 17. b4 a5 18. a3 axb4 19. axb4 Rxa1 20. Rxa1 Qb6 21. Rb1 g5 22. c5 Qd8 23. Bd2 f4 24. Nb5 dxc5 25. Qxc5 Bf5 26. Re1 Be4 27. Nc3 Bxg2+ 28. Kxg2 f3+ 29. Kh1 fxe2 30. d6 Qd7 1/2-1/2

[Event "POL-chT 2nd div North"]
[Site "Lublin"]
[Date "1999.??.??"]
[Round "6"]
[White "Kiedrowicz, Jan"]
[Black "Swiatlowski, Lukasz"]
[Result "1-0"]
[WhiteElo "2370"]
[BlackElo "2145"]
[PlyCount "64"]
[EventDate "1999.09.11"]
[EventType "team-swiss"]
[EventRounds "8"]
[EventCountry "POL"]
[SourceTitle "EXT 2003"]
[Source "ChessBase"]
[SourceDate "2002.11.25"]
[SourceVersion "1"]
[SourceVersionDate "2002.11.25"]
[SourceQuality "1"]
[WhiteTeam "POL-chT 2nd div North 3"]
[BlackTeam "Torun Apator"]
[WhiteTeamCountry "POL"]
[BlackTeamCountry "POL"]

1. Nf3 Nf6 2. c4 g6 3. b3 Bg7 4. Bb2 d6 5. d4 0-0 6. e3 Nbd7 7. Be2 e5 8. Nc3 e4 9. Nd2 Re8 10. Qc2 Qe7 11. g4 h6 12. h4 g5 13. hxg5 hxg5 14. 0-0-0 c6 15. Kb1 Nf8 16. Rdg1 a6 17. d5 Bd7 18. dxc6 bxc6 19. Na4 Ng6 20. c5 d5 21. Bd4 Red8 22. Qc3 Ne8 23. Nb6 Ra7 24. Rh5 Bxd4 25. Qxd4 Ng7 26. Rh6 Ne6 27. Qb2 Qxc5 28. Rgh1 Ng7 29. Rh7 Qf8 30. Qf6 Nh4 31. Rxg7+ Qxg7 32. Qxd8+ Qf8 1-0

[Event "Polanica Zdroj op-B"]
[Site "Polanica Zdroj"]
[Date "1999.??.??"]
[Round "9"]
[White "Madynski, Pawel"]
[Black "Swiatlowski, Lukasz"]
[Result "0-1"]
[WhiteElo "2189"]
[BlackElo "2149"]
[PlyCount "50"]
[EventDate "1999.??.??"]
[EventType "swiss"]
[EventRounds "10"]
[EventCountry "POL"]
[SourceTitle "EXT 2001"]
[Source "ChessBase"]
[SourceDate "2000.11.22"]
[SourceVersion "1"]
[SourceVersionDate "2000.11.22"]
[SourceQuality "1"]

1. Nc3 c5 2. d4 cxd4 3. Qxd4 Nc6 4. Qh4 Nf6 5. Bg5 e6 6. 0-0-0 Be7 7. e4 Qa5 8. f4 d6 9. Nf3 Bd7 10. e5 dxe5 11. Bb5 Rc8 12. Bxc6 Bxc6 13. fxe5 Bxf3 14. exf6 gxf6 15. Bxf6 Bxd1 16. Rxd1 Qc5 17. Qh6 Bxf6 18. Qxf6 Rg8 19. Kb1 Rxg2 20. Rf1 Qf8 21. Qf3 Qg7 22. Qxb7 Rd8 23. Ne4 Kf8 24. Nc5 Kg8 25. Nd7 Rd2 0-1

[Event "Polanica Zdroj op-B"]
[Site "Polanica Zdroj"]
[Date "1999.??.??"]
[Round "10"]
[White "Swiatlowski, Lukasz"]
[Black "Baran, Rafal"]
[Result "1-0"]
[WhiteElo "2149"]
[BlackElo "2173"]
[PlyCount "59"]
[EventDate "1999.??.??"]
[EventType "swiss"]
[EventRounds "10"]
[EventCountry "POL"]
[SourceTitle "EXT 2001"]
[Source "ChessBase"]
[SourceDate "2000.11.22"]
[SourceVersion "1"]
[SourceVersionDate "2000.11.22"]
[SourceQuality "1"]

1. Nf3 d5 2. g3 c5 3. Bg2 Nc6 4. d3 e5 5. 0-0 Bg4 6. h3 Bh5 7. Nbd2 f5 8. c4 e4 9. Ne1 Nd4 10. f3 e3 11. Nb1 Qg5 12. Kh2 f4 13. g4 Bf7 14. Nc3 h5 15. Qa4+ Kd8 16. Kg1 Nf6 17. a3 hxg4 18. fxg4 Nxg4 19. hxg4 Qxg4 20. Bxe3 fxe3 21. Rxf7 Bd6 22. Nf3 Bg3 23. Rxb7 Bc7 24. Rxc7 Kxc7 25. Nxd5+ Kd8 26. Nxd4 cxd4 27. Qa5+ Kd7 28. Qc7+ Ke6 29. Rf1 Rhf8 30. Qe7# 1-0

[Event "POL-chT 2nd div North"]
[Site "Lublin"]
[Date "1999.??.??"]
[Round "5"]
[White "Swiatlowski, Lukasz"]
[Black "Dluzniewski, Marcin"]
[Result "1/2-1/2"]
[WhiteElo "2145"]
[BlackElo "2225"]
[PlyCount "60"]
[EventDate "1999.09.11"]
[EventType "team-swiss"]
[EventRounds "8"]
[EventCountry "POL"]
[SourceTitle "EXT 2003"]
[Source "ChessBase"]
[SourceDate "2002.11.25"]
[SourceVersion "1"]
[SourceVersionDate "2002.11.25"]
[SourceQuality "1"]
[WhiteTeam "Torun Apator"]
[BlackTeam "Lublin AZS UMCS"]
[WhiteTeamCountry "POL"]
[BlackTeamCountry "POL"]

1. Nf3 f5 2. g3 Nf6 3. Bg2 g6 4. 0-0 Bg7 5. c4 0-0 6. Nc3 d6 7. d3 e5 8. Rb1 h6 9. b4 Qe8 10. Nd5 Nxd5 11. cxd5 Nd7 12. Bd2 Nf6 13. Qc1 e4 14. Ne1 Nxd5 15. dxe4 fxe4 16. Bxh6 c6 17. Bxg7 Kxg7 18. Qb2+ Nf6 19. Nc2 Qe5 20. Qxe5 dxe5 21. Ne3 Be6 22. Rb2 Rfd8 23. Rc1 Rac8 24. h3 Rd4 25. g4 Nd5 26. a3 Rd8 27. Nf1 Nb6 28. e3 Rc4 29. Ra1 Rc3 30. Nd2 Rcd3 1/2-1/2

[Event "MK Cafe Cup-B"]
[Site "Koszalin"]
[Date "1997.??.??"]
[Round "9"]
[White "Kot, Jerzy"]
[Black "Swiatlowski, Lukasz"]
[Result "1-0"]
[WhiteElo "2195"]
[BlackElo "2105"]
[PlyCount "84"]
[EventDate "1997.??.??"]
[EventType "swiss"]
[EventRounds "10"]
[EventCountry "POL"]
[SourceTitle "EXT 2000"]
[Source "ChessBase"]
[SourceDate "1999.11.16"]
[SourceVersion "1"]
[SourceVersionDate "1999.11.16"]
[SourceQuality "1"]

1. e4 c5 2. d4 cxd4 3. c3 d5 4. exd5 Qxd5 5. cxd4 Nc6 6. Nf3 e6 7. Nc3 Qd6 8. a3 Nf6 9. Bd3 Be7 10. 0-0 0-0 11. b4 a6 12. b5 axb5 13. Nxb5 Qd8 14. Bc2 Re8 15. Bg5 Nd5 16. h4 h6 17. Qd3 f5 18. Bxe7 Ncxe7 19. Rfe1 Ra6 20. Bb3 Bd7 21. Bc4 Ng6 22. g3 Bc6 23. Rac1 Ra8 24. h5 Nf8 25. Ne5 Nf6 26. Qb3 Nxh5 27. Nxc6 bxc6 28. Bxe6+ Kh8 29. Rxc6 Rb8 30. a4 Qa5 31. Qd1 Nf6 32. Re5 Ng4 33. Rxf5 Rxe6 34. Rxe6 Nxe6 35. Nd6 Qa6 36. Nf7+ Kh7 37. d5 Nd4 38. Qxd4 Rb1+ 39. Kg2 Qf1+ 40. Kf3 Nf6 41. Rxf6 Rb3+ 42. Kg4 gxf6 1-0